000 00689nam a2200169 i 4500
001 20340
003 ES-MaACL
005 20230906152300.0
007 t|
008 021111s1907 sp |||| | spa d
100 1 _aAguilar Jiménez, Juan.
_918729
245 1 3 _aLa crisis de la constitución del derecho de propiedad en la sociedad contemporánea
_b: discurso inagural leido en la solemne apertura del curso académico de 1907-1908 en el Seminario Auxiliar de Madrid /
_cpor Juan Aguilar Jiménez.
260 _aMadrid :
_b[s.n.,
_c1907] (
_fImp. del Círculo de Huérfanos de S.C. de Jesús)
300 _a54 p. ;
_c24 cm.
650 0 4 _aPropiedad.
_916476
852 _aES-MaACL
_jT-492-F-7
999 _c20340
_d20340